000 00985nam a22003257a 4500
003 CHAP
005 20220329134841.0
008 971013s1972 r 00010 d
010 _a26922
011 _a27894
035 _a31995
040 _cCHAP
082 _a551.49
_bK3 1972
100 0 0 _aKazmann, Raphael G.
_962856
245 _aModern hydrology
250 _a2 ed.
260 _aNew York :
_bHarper & Row,
_c1972
300 _a365 p.
_b: ilus. ; gráfs. mapas
490 _aHarper's Geoscience series
590 _aBATCH-UPD
_b10
_c20130109
_lUCH01
_h2336
590 _aBATCH-UPD
_b10
_c20130110
_lUCH01
_h0912
590 _aBATCH-UPD
_b10
_c20130410
_lUCH01
_h0537
590 _aBATCH-UPD
_b10
_c20130914
_lUCH01
_h1602
590 _aCONVERSION
_b10
_c20130109
_lUCH01
_h1315
650 1 4 _aHidrología.
_955257
830 0 _aHarper's Geoscience series
_952805
901 _aBK
942 _cLIBRO
949 _a551.49 K3 1972
_bBC
_cLIBRO
_d33724000457123
_eLIBRO
_h56537
_i31995
_si
999 _c26922
_d26922